It's our ship : the no-nonsense guide to leadership (Record no. 222134)

MARC details
000 -LEADER
fixed length control field 00787nam a2200265Ia 4500
008 - FIXED-LENGTH DATA ELEMENTS--GENERAL INFORMATION
fixed length control field 191130s2008##################000#0#eng##
020 ## - INTERNATIONAL STANDARD BOOK NUMBER
ISBN 9780446199667
082 ## - DEWEY DECIMAL CLASSIFICATION NUMBER
Classification number 658.4092 ABR
100 ## - MAIN ENTRY--AUTHOR NAME
Personal name Abrashoff, D. Michael
245 ## - TITLE STATEMENT
Title It's our ship : the no-nonsense guide to leadership
Statement of responsibility, etc D. Michael Abrashoff
250 ## - EDITION STATEMENT
Edition statement 1st ed
260 ## - PUBLICATION, DISTRIBUTION, ETC. (IMPRINT)
Place of publication New York
Name of publisher Business Plus
Year of publication 2008
300 ## - PHYSICAL DESCRIPTION
Number of Pages 196 p. ; 24 cm. ; hpk
650 ## - SUBJECT ADDED ENTRY--TOPICAL TERM
Topical Term Abrashoff, D. Michael
Topical Term Benfold (Destroyer)
Topical Term Command of troops
Topical Term Leadership - United States
Topical Term Management
Topical Term Ship captains - United States - Biography
991 ## -
-- 124722
Holdings
Withdrawn status Lost status Damaged status Not for loan Home library Current library Shelving location Date acquired Full call number Accession Number Price effective from Koha item type
        Anna Centenary Library Anna Centenary Library 6TH FLOOR, B WING 13.10.2020 658.4092 ABR 508468 13.10.2020 English Books

Find us on the map